Music Quiz

Random Music or Billboard Quiz

No. 1 Singles Every 5 Years Quiz Stats

 Plays Quiz Updated Jan 5, 2016

Challenge
Share
Tweet
Embed
Score 0/50 Timer 10:00
3 Plays Today
% Correct
Firework
69.7%
Hollaback Girl
67.6%
Gold Digger
65.2%
Teenage Dream
62.8%
Like a G6
60.7%
Gangsta's Paradise
57.7%
Candy Shop
57.1%
Love the Way You Lie
55.4%
Ice Ice Baby
54.4%
(I Can't Get No) Satisfaction
53.8%
Waterfalls
51.6%
What a Girl Wants
51.1%
Nothing Compares 2 U
49.6%
Kiss from a Rose
48.8%
Don't You (Forget About Me)
48.1%
Independent Women Part I
46%
Vogue
45.7%
Bridge over Troubled Water
45.3%
Careless Whisper
43.7%
Another Brick in the Wall, Part II
43.1%
We Are the World
41%
Crazy Little Thing Called Love
40.5%
Yesterday
40.5%
Ain't No Mountain High Enough
39.9%
Mr. Tambourine Man
39.3%
% Correct
Call Me
38.7%
Just the Way You Are
38.5%
I Got You Babe
37.3%
Music
37.1%
Money for Nothing
36.8%
I Want to Know What Love Is
36%
It's Still Rock and Roll to Me
34.7%
Let It Be
34%
Maria Maria
33.1%
Run It!
32.5%
Black Velvet
32.5%
Jive Talkin
31%
We Belong Together
30.8%
You've Lost That Lovin' Feeling
30.3%
It Must Have Been Love
29.4%
Rhinestone Cowboy
28.7%
Philadelphia Freedom
28.3%
You Are Not Alone
26.6%
That's the Way (I Like It)
26.3%
I'll Be There
24.7%
Have You Ever Really Loved a Woman?
24.3%
One of These Nights
23.5%
The Tears of a Clown
22%
I Knew I Loved You
21.8%
Lady
19.6%

You're not logged in!

Compare scores with friends on all Sporcle quizzes.
OR
Log In

You Might Also Like...

Show Comments

Extras

Top Quizzes Today


Score Distribution

Your Account Isn't Verified!

In order to create a playlist on Sporcle, you need to verify the email address you used during registration. Go to your Sporcle Settings to finish the process.

Report this User

Report this user for behavior that violates our Community Guidelines.

Details: